Eastern Utah Libraries Catalog: Duchesne, Heber, Roosevelt, & Vernal

The 12 worst shipwrecks of all time / (Record no. 314113)

MARC details
000 -LEADER
fixed length control field 02134nam a2200385 i 4500
001 - CONTROL NUMBER
control field 20530472
003 - CONTROL NUMBER IDENTIFIER
control field DLC
005 - DATE AND TIME OF LATEST TRANSACTION
control field 20200320213907.0
008 - FIXED-LENGTH DATA ELEMENTS--GENERAL INFORMATION
fixed length control field 180606s2018 mnua c b 001 0 eng
010 ## - LIBRARY OF CONGRESS CONTROL NUMBER
LC control number 2018947110
020 ## - INTERNATIONAL STANDARD BOOK NUMBER
International Standard Book Number 9781632355409 (library binding)
037 ## - SOURCE OF ACQUISITION
Source of stock number/acquisition Lookout Books
040 ## - CATALOGING SOURCE
Original cataloging agency DLC
Transcribing agency DLC
042 ## - AUTHENTICATION CODE
Authentication code pcc
082 04 - DEWEY DECIMAL CLASSIFICATION NUMBER
Classification number 910.45
Edition number 23
092 ## - LOCALLY ASSIGNED DEWEY CALL NUMBER (OCLC)
Classification number 910.45 AXE
100 1# - MAIN ENTRY--PERSONAL NAME
Personal name Axelrod-Contrada, Joan,
Relator term author.
9 (RLIN) 5873130
245 14 - TITLE STATEMENT
Title The 12 worst shipwrecks of all time /
Statement of responsibility, etc by Joan Axelrod-Contrada.
264 #1 - Production, Publication, Distribution, Manufacture, and Copyright Notice.
Place of production, publication, distribution, manufacture Mankato, Minnesota :
Name of producer, publisher, distributor, manufacturer 12-Story Library,
Date of production, publication, distribution, manufacture, or copyr 2018.
300 ## - PHYSICAL DESCRIPTION
Extent 32 pages :
Other physical details illustrations (some color) ;
Dimensions 24 cm.
336 ## - Content Type
Content type term text
337 ## - Media type
Media type term unmediated
338 ## - Carrier type
Carrier type term volume
490 1# - SERIES STATEMENT
Series statement All-time worst disasters
504 ## - BIBLIOGRAPHY, ETC. NOTE
Bibliography, etc Includes bibliographical references (page 31) and index.
505 0# - FORMATTED CONTENTS NOTE
Formatted contents note Pirate ship Whydah Gally sunk by Atlantic storm -- Giant whale rams, sinks whaleship Essex -- "Unsinkable" Titanic goes down after hitting iceberg -- Union soldiers perish in Sultana shipwreck -- Dona Paz ferry disaster an Asian Titanic -- Hurricane sinks "Ship of Gold" -- Ships carrying war cargo collide in Canadian harbor -- German submarine sinks passenger ship Lusitania -- Soviet submarine torpedoes ship of refugees -- New York picnic outing turns deadly in steamboat fire -- Exxon Valdez disaster covers Alaskan coast in oil -- Refugees and migrants make dangerous crossings -- Staying safe if there is a shipwreck.
520 ## - SUMMARY, ETC.
Summary, etc Disasters are fascinating, awe-inspiring, and scary, all at the same time. Lean the facts about many of the worst disasters in human history. Then get some tips on how to prepare for disasters and stay safe.
650 #0 - SUBJECT ADDED ENTRY--TOPICAL TERM
Topical term or geographic name as entry element Shipwrecks
Form subdivision Juvenile literature.
9 (RLIN) 5769902
650 #0 - SUBJECT ADDED ENTRY--TOPICAL TERM
Topical term or geographic name as entry element Marine accidents
Form subdivision Juvenile literature.
9 (RLIN) 5985271
830 #0 - SERIES ADDED ENTRY--UNIFORM TITLE
Uniform title All-time worst disasters.
9 (RLIN) 5985272
852 ## - LOCATION/CALL NUMBER
-- 20.70
942 ## - ADDED ENTRY ELEMENTS (KOHA)
Koha item type BOOK
948 ## - LOCAL PROCESSING INFORMATION (OCLC); SERIES PART DESIGNATOR (RLIN)
Series part designator, SPT (RLIN) 10/05/2018
z (OCLC) Sirsi
996 ## -
-- 155757
-- 34301001563206
-- JNF
-- bk
-- wcl
-- i
-- 2
-- 21.95
-- lookout
-- 910.45 Axe
-- 10/05/2018
-- 07/05/2019
-- 07/01/2019
Holdings
Withdrawn status Lost status Source of classification or shelving scheme Damaged status Not for loan Collection code Home library Current library Shelving location Date acquired Cost, normal purchase price Total Checkouts Total Renewals Full call number Barcode Date last seen Date checked out Cost, replacement price Price effective from Koha item type
    Dewey Decimal Classification     Junior NonFiction Wasatch County Library Wasatch County Library Second Floor 10/05/2018 21.95 8 8 J 910.45 Axe 34301001563206 03/03/2026 01/06/2026 21.95 03/20/2020 BOOK
This project was made possible through a grant from the Institute of Museum and Library Service administered by the Utah State Library Division.

Wasatch County Library

  • 465 East 1200 South, Heber City, Utah 84032
  • Phone 435-654-1511 | Fax 435-654-6456

Hours

  • Monday - Friday 9:30 AM - 8:00 PM
  • Saturday 9:30 AM - 1:30 PM
  • Closed Sundays and Holidays